• 首页
  • 本馆介绍
  • 公告通知
  • 最新文献
  • 馆藏检索
  • 电子资源
  • 读者导购
  • 参考咨询
  • 我的图书馆
  • 登录
  • 详细信息显示
  • 放入我的书架
  • 预约/预借图书
  • 作者相关作品
  • 分类相关作品
  • 丛书相关作品
  • 出版社相关作品

书目信息

  • 表格格式
  • 工作单格式
  • 卡片格式
题名:
交联聚乙烯(XLPE)绝缘电力电缆技术基础
    
 
作者: 王伟 编著
分册:  
出版信息: 西安   西北工业大学出版社  1998
页数: 339页
开本: 20cm
丛书名:
单 册:
中图分类: TM247 , O13
科图分类:
主题词: 交联聚乙烯--绝缘电缆 , 交联聚乙烯 , 绝缘电缆 , 高等数学
电子资源:
ISBN: 7-5612-1006-X
000 00745nam0 2200265 450
001 1561185903
005 20150131170018.93
010    @a7-5612-1006-X@dCNY18.00
100    @a19990327d1998 em y0chiy0110 ea
101 0  @achi
102    @aCN@b610000
105    @ay z 000yy
200 1  @a交联聚乙烯(XLPE)绝缘电力电缆技术基础@9jiao lian ju yi xi (XLPE) jue yuan dian li dian lan ji shu ji chu@f王伟等编著
210    @a西安@c西北工业大学出版社@d1998
215    @a339页@d20cm
606 0  @a交联聚乙烯@x绝缘电缆
606 0  @a交联聚乙烯
606 0  @a绝缘电缆
606 0  @a高等数学
610 0  @aXLPE
690    @aTM247@v5
690    @aO13@v4
701  0 @a王伟@9wang wei@4编著
801  0 @aCN@bTSSF@c20150131
905    @aZUCC@dO13@eJY49:2
    
    交联聚乙烯(XLPE)绝缘电力电缆技术基础/王伟等编著.-西安:西北工业大学出版社,1998
    339页;20cm
    
    
    ISBN 7-5612-1006-X:CNY18.00
    
●
相关链接 在E读中查询图书 在五车中查询图书 在当当中查询图书 在豆瓣中查询图书


正题名:交联聚乙烯(XLPE)绝缘电力电缆技术基础     索取号:O13/JY49:2         预约/预借

序号 登录号 条形码 馆藏地/架位号 状态 备注
1 7862441   278624419   学院路分馆/ [索取号:O13/JY49:2] 在馆    
唐山师范学院图书馆 欢迎您!
大连网信软件有限公司© 版权所有